[Event "POL-ch U17 Qual"]
[Site "Jastrzebia Gora"]
[Date "2021.11.15"]
[Round "1"]
[White "Pieczulis, Blazej"]
[Black "Wleklik, Mateusz"]
[Result "1-0"]
[WhiteElo "1726"]
[BlackElo "1341"]
[PlyCount "87"]
[EventDate "2021.11.15"]
[EventType "swiss"]
[EventRounds "9"]
[EventCountry "POL"]
[SourceTitle "EXT 2023"]
[Source "ChessBase"]
[SourceDate "2022.10.05"]
[SourceVersion "1"]
[SourceVersionDate "2022.10.05"]
[SourceQuality "1"]

1. e4 c5 2. Nc3 e6 3. Nf3 Nc6 4. Bb5 Qc7 5. 0-0 a6 6. Bxc6 Qxc6 7. d3 Nf6 8. Ne5 Qc7 9. f4 Be7 10. g4 d6 11. Nc4 h6 12. Qf3 Rf8 13. e5 Nd7 14. exd6 Bxd6 15. Nxd6+ Qxd6 16. Be3 Rb8 17. Ne4 Qc7 18. f5 e5 19. Rae1 b6 20. f6 g5 21. Bd2 Rh8 22. Bc3 Kd8 23. Qf5 Bb7 24. Rf2 Bd5 25. Ng3 Be6 26. Qe4 Rc8 27. h3 b5 28. a3 Qd6 29. Bxe5 Nxe5 30. Qxe5 Kd7 31. Nf5 Qxe5 32. Rxe5 c4 33. dxc4 Rxc4 34. Rd2+ Kc7 35. Ng7 Bxg4 36. hxg4 Rxg4+ 37. Rg2 Rd4 38. Re7+ Rd7 39. Rd2 Rhd8 40. Rde2 Kc6 41. Nf5 h5 42. Kg2 Rd2 43. c3 R8d5 44. Nd4+ 1-0